LEADER 01903nam0 22004213i 450 001 VAN0249561 005 20230531093458.463 017 70$2N$a9783030408220 100 $a20220902d2020 |0itac50 ba 101 $aeng 102 $aCH 105 $a|||| ||||| 200 1 $aNumerical Semigroups$eIMNS 2018$fValentina Barucci ... [et al.] editors 210 $aCham$cSpringer$d2020 215 $aviii, 374 p.$cill.$d24 cm 410 1$1001VAN0103233$12001 $aSpringer INdAM series$1210 $aBerlin [etc.]$cSpringer$v40 500 1$3VAN0249562$aNumerical Semigroups : IMNS 2018$92095478 606 $a20-XX$xGroup theory and generalizations [MSC 2020]$3VANC019715$2MF 606 $a00B25$xProceedings of conferences of miscellaneous specific interest [MSC 2020]$3VANC020732$2MF 606 $a20M14$xCommutative semigroups [MSC 2020]$3VANC029151$2MF 606 $a20M13$xArithmetic theory of semigroups [MSC 2020]$3VANC037123$2MF 610 $aAffine monoids$9KW:K 610 $aMonomial curves$9KW:K 610 $aNumerical Semigroups$9KW:K 610 $aSemigroup rings$9KW:K 610 $aWilf conjecture$9KW:K 620 $aCH$dCham$3VANL001889 702 1$aBarucci$bValentina$3VANV204113 712 12$aInternational Meeting on Numerical Semigroups$e 2018$eCortona, Italia$3VANV204114 712 $aSpringer $3VANV108073$4650 801 $aIT$bSOL$c20240614$gRICA 856 4 $uhttp://doi.org/10.1007/978-3-030-40822-0$zE-book ? Accesso al full-text attraverso riconoscimento IP di Ateneo, proxy e/o Shibboleth 899 $aBIBLIOTECA DEL DIPARTIMENTO DI MATEMATICA E FISICA$1IT-CE0120$2VAN08 912 $fN 912 $aVAN0249561 950 $aBIBLIOTECA DEL DIPARTIMENTO DI MATEMATICA E FISICA$d08CONS e-book 4769 $e08eMF4769 20220902 996 $aNumerical Semigroups$92095478 997 $aUNICAMPANIA LEADER 00890nam0 22002413i 450 001 VAN00247945 005 20240806101411.737 100 $a20220707d2011 |0itac50 ba 101 $aita$aITA 102 $aIT 105 $a|||| ||||| 200 1 $aˆIl ‰nuovo La scrittura e l'interpretazione$egli autori italiani, il canone europeo, la scrittura delle donne, gli intrecci interculturali e tematici$esecondo i nuovi programmi$fRomano Luperini ... [et al.] 205 $aEd. rossa$bed. mista 210 $aPalermo$cG. B. Palumbo 215 $av.$d27 cm 620 $dPalermo$3VANL000013 700 1$aLuperini$bRomano$3VANV033040$0124088 712 02$aPalumbo$ceditore$3VANV109195 791 02$aG. B. Palumbo$zPalumbo $3VANV109196 801 $aIT$bSOL$c20250725$gRICA 912 $aVAN00247945 996 $aNuovo La scrittura e l'interpretazione$92886325 997 $aUNICAMPANIA